| 000 | 01240cad a22002055a 4500 | ||
|---|---|---|---|
| 001 | L154130 | ||
| 008 | 111018s2011 xxk f 000 0 eng d | ||
| 035 | _a(Sirsi) u154130 | ||
| 041 | 0 | _aeng | |
| 110 | 2 |
_aSavills _92020 |
|
| 245 | 0 | 0 |
_aPrime Central London residential spotlight _bsix years of volatility 2005 to 2011 _h[electronic resource] |
| 260 |
_aLondon _bSavills _c2011 |
||
| 490 | 0 |
_aSavills Prime Central London Residential Spotlight _vAutumn 2011 |
|
| 520 | _aSavills Prime Central London (PCL) which started in late 1970s centred around Knightsbridge has expanded its geographical coverage to include South Kensington, Chelsea, Belgravia and Mayfair, Notting Hill and Marylebone. Reviews PCL's volatile performance from 2005 to 2011 from Pre-Boom, Boom, The Crunch, Rapid Rebound and Renewed Volatility illustrated by a timeline. Ranks performance by location. PCL market outlook. | ||
| 590 | _aKA NTK | ||
| 651 | 4 | _aLondon | |
| 690 | _aPROPERTY-RESIDENTIAL PROPERTY | ||
| 856 | 4 | 0 |
_uhttps://www.savills.co.uk/promotions/research.aspx?document=http://pdf.euro.savills.co.uk/spotlight-on/spotlight-on-prime-central-london-residential-oct-2011.pdf?response=no _zView the item free of charge at www.savills.co.uk |
| 942 | _n0 | ||
| 999 |
_c112855 _d112855 |
||